header

Concrete for underground structures (Record no. 35434)

MARC details
000 -LEADER
fixed length control field 01279nam a2200313 a 4500
082 04 - DEWEY DECIMAL CLASSIFICATION NUMBER
Classification number 620.1/36
245 00 - TITLE STATEMENT
Title Concrete for underground structures
260 ## - PUBLICATION, DISTRIBUTION, ETC. (IMPRINT)
Place of publication Englewood, Colo. :
Name of publisher Society for Mining, Metallurgy, and Exploration,
Year of publication c2011.
300 ## - PHYSICAL DESCRIPTION
Number of Pages viii, 168 p. :
Other physical details ill.
650 #0 - SUBJECT ADDED ENTRY--TOPICAL TERM
Topical Term Underground construction.
Topical Term Concrete construction.
700 1# - ADDED ENTRY--PERSONAL NAME
Personal name Goodfellow, Robert J. F.
856 40 - ELECTRONIC LOCATION AND ACCESS
Uniform Resource Identifier http://site.ebrary.com/lib/rucke/Doc?id=10742717

No items available.

© 2026 Rongo University
Contact us: librarian | system librarian | Rongo university